| 000 | 00716nam a2200253 a 4500 | ||
|---|---|---|---|
| 001 | BRL_669 | ||
| 005 | 20190320210838.0 | ||
| 008 | 230913s1984----mx-#######---#000-p#spa-# | ||
| 020 | _a9682902223 | ||
| 041 | _aspa | ||
| 044 | _amx | ||
| 050 | 4 |
_aPA4275 _b.P56 1984 |
|
| 100 | 1 |
_aPíndaro _d518-442 a.C. _924591 |
|
| 245 | 1 | 0 |
_aOdas _cPindaro ; traducción y notas Ipandro Acaico ; prólogo Carlos Montemayor. |
| 260 |
_aMéxico, D.F. _bSEP Cultura _c1984 |
||
| 300 |
_a290 p. _c21 cm. |
||
| 440 | 0 |
_aCien del mundo _924592 |
|
| 500 | _aAu753 | ||
| 650 | 1 | 4 |
_aPoesía griega _924593 |
| 700 | 1 |
_aAcaico, Ipandro _etr. _924594 |
|
| 700 | 1 |
_aMontemayor, Carlos _d1947-2010 _924595 |
|
| 902 | _aGRL | ||
| 942 |
_2lcc _cB |
||
| 999 |
_c9481 _d9481 |
||